[Event "Cracovia Open A 2013-14"]
[Site "Krakow POL"]
[Date "2013.12.27"]
[Round "1.12"]
[White "Kumor,L"]
[Black "Kolosowski,M"]
[Result "0-1"]
[WhiteElo "2149"]
[BlackElo "2438"]

1.e4 c5 2.Nf3 e6 3.d4 cxd4 4.Nxd4 Nc6 5.Nc3 Qc7 6.Be3 a6 7.Bd3 Nf6 8.O-O b5
9.Kh1 Bb7 10.Re1 Ne5 11.f3 Ng6 12.a4 b4 13.Nce2 d5 14.exd5 Nxd5 15.Bg1 Be7
16.Qd2 O-O 17.Ng3 Ngf4 18.Be4 Rad8 19.c4 bxc3 20.bxc3 g6 21.Qb2 Ba8 22.Nge2 Nh5
23.Rab1 Nhf6 24.Bc2 e5 25.Nb3 Nb6 26.a5 Nc4 27.Qa1 Qc6 28.Bf2 Ng4 29.Bg3 f5
30.Ng1 Nge3 31.Qa2 Nxc2 32.Qxc2 Na3 33.Qb2 Nxb1 34.Rxb1 Bf6 35.Ne2 Rd3 36.Re1 Rxf3
37.Ned4 exd4 38.gxf3 Qxf3+ 39.Kg1 Qh1+  0-1

[Event "12th Nantes Open"]
[Site "Nantes FRA"]
[Date "2013.12.27"]
[Round "1.8"]
[White "Kurayan,R"]
[Black "Julien,Jules-Alois"]
[Result "1-0"]
[WhiteElo "2393"]
[BlackElo "1975"]

1.e4 c5 2.Nf3 Nc6 3.d4 cxd4 4.Nxd4 e6 5.Nc3 Qc7 6.Be3 a6 7.Qd2 Nf6 8.O-O-O Be7
9.f3 b5 10.g4 d6 11.g5 Nd7 12.Nf5 exf5 13.Nd5 Qb7 14.exf5 Nde5 15.f4 Bxf5
16.fxe5 dxe5 17.Bg2 Rc8 18.Rhf1 Bg6 19.Nxe7 Qxe7 20.Bc5 Qc7 21.Bxc6+ Qxc6
22.b4 Qe6 23.Kb2 f5 24.gxf6 gxf6 25.Rxf6 Qg4 26.Qd6 Rxc5 27.Qd8+  1-0

[Event "37th Zurich Christmas 2013"]
[Site "Zurich SUI"]
[Date "2013.12.27"]
[Round "3.9"]
[White "Van Kampen,R"]
[Black "Bartel,Marta"]
[Result "1-0"]
[WhiteElo "2601"]
[BlackElo "2306"]

1.e4 c5 2.Nf3 e6 3.d4 cxd4 4.Nxd4 Nc6 5.Nc3 Qc7 6.Be3 a6 7.Qd2 Nf6 8.O-O-O Be7
9.f3 b5 10.Kb1 Bb7 11.g4 Nxd4 12.Qxd4 Rc8 13.Qd2 b4 14.Na4 Nxe4 15.fxe4 Bxe4
16.Bxa6 Bxc2+ 17.Ka1 Bxa4 18.Rc1 Bc6 19.Bxc8 Qxc8 20.Bc5 Bxc5 21.Rxc5 Qb8
22.Rhc1 b3 23.a3 O-O 24.h4 Qg3 25.h5 f6 26.Qd4 Ra8 27.R5c3 Qg2 28.Rxb3 Bd5
29.Rcc3 Kf7 30.Qb4 Qh2 31.Rc7 Rd8 32.Qb5 Qd6 33.Qd3 Ra8 34.Rcc3 Ke7 35.Qxh7 Qe5
36.h6  1-0

[Event "37th Zurich Christmas 2013"]
[Site "Zurich SUI"]
[Date "2013.12.27"]
[Round "3.14"]
[White "Nuri,Kam"]
[Black "Malakhatko,V"]
[Result "1-0"]
[WhiteElo "2308"]
[BlackElo "2542"]

1.e4 c5 2.Nf3 e6 3.d4 cxd4 4.Nxd4 Nc6 5.Nc3 Qc7 6.Be3 a6 7.Qd2 Nf6 8.O-O-O Be7
9.f3 h5 10.Nxc6 bxc6 11.Bf4 e5 12.Bg5 d6 13.Bc4 Be6 14.Bxe6 fxe6 15.f4 exf4
16.Bxf4 e5 17.Bg5 Qc8 18.Bxf6 gxf6 19.Kb1 a5 20.Qf2 Kf7 21.Ne2 h4 22.Rhf1 Qe6
23.Ng1 Rag8 24.h3 Qc4 25.b3 Qxe4 26.Nf3 Qb4 27.Nh2 a4 28.Ng4 axb3 29.axb3 Rxg4
30.hxg4 Qxg4 31.Rxd6 Rh6 32.Rxc6 Qd7 33.Qf3  1-0

[Event "Al-Ain Classic Open A 2013"]
[Site "Al-Ain UAE"]
[Date "2013.12.28"]
[Round "9.22"]
[White "Andrenko,I"]
[Black "Tunik,G"]
[Result "0-1"]
[WhiteElo "2211"]
[BlackElo "2416"]

1.e4 c5 2.Nf3 e6 3.d4 cxd4 4.Nxd4 Nc6 5.Nc3 a6 6.g3 Qc7 7.Bg2 h5 8.h3 Nf6
9.O-O Be7 10.Nxc6 bxc6 11.Na4 d6 12.c4 Rb8 13.Nc3 c5 14.Qe2 Nd7 15.f4 Bf6
16.e5 dxe5 17.Ne4 Bb7 18.f5 exf5 19.Rxf5 Bxe4 20.Bxe4 g6 21.Rf2 O-O 22.g4 hxg4
23.hxg4 Qd8 24.Be3 Bg5 25.Raf1 Rxb2 26.Qf3 Bxe3 27.Qxe3 Rxf2 28.Qxf2 Qg5
29.Qf3 Kg7 30.Qg3 Nf6 31.Bf3 Rd8 32.Be2 Rd4 33.Qf2 e4 34.Qf4 Qxf4 35.Rxf4 Rd2
36.Kf2 Rxa2 37.g5 Nh7 38.Rxe4 Nxg5 39.Re5 Ne6 40.Ke3 Kf6 41.Re4 a5 42.Bg4 Ra3+
43.Kd2 a4 44.Re1 Rg3 45.Rf1+ Ke7 46.Bf3 Nd4 47.Bd5 f5 48.Re1+ Kd6 49.Re8 a3
50.Ra8 g5 51.Ra6+ Ke5 52.Kc1 f4 53.Kb1 f3 54.Rxa3 f2  0-1

[Event "Al-Ain Classic Open A 2013"]
[Site "Al-Ain UAE"]
[Date "2013.12.28"]
[Round "9.13"]
[White "Golizadeh,A"]
[Black "Geller,J"]
[Result "1/2-1/2"]
[WhiteElo "2500"]
[BlackElo "2542"]

1.e4 c5 2.Nf3 e6 3.d4 cxd4 4.Nxd4 Nc6 5.Nc3 Qc7 6.Be2 Nf6 7.O-O Be7 8.Kh1 O-O
9.f4 d6 10.Be3 Nxd4 11.Bxd4 e5 12.Be3 a6 13.a4 exf4 14.Rxf4 Be6 15.Rf2 Rac8
16.a5 Nd7 17.Bf3 Bf6 18.Bd4 Bxd4 19.Qxd4 Ne5 20.Nd5 Bxd5 21.Qxd5 Qe7 22.Qd2 Rc5
23.b3 Qc7 24.c4 Nc6 25.e5 Rxe5 26.b4 g6 27.h3 Ne7 28.Rd1 Nf5 29.Kg1 Ne3 30.Qxd6 Qxd6
31.Rxd6 Nxc4 32.Rd4 b5 33.axb6 Nxb6 34.Ra2 Rc8 35.Rxa6 Rc1+ 36.Kh2 Re6 37.b5 h5
38.h4 Kg7 39.Bc6 Nc8 40.Bd7 Ree1 41.Rc6 Rxc6 42.Bxc6 Na7 43.Bd7 Rb1 44.Rd6 Nxb5
45.Bxb5 Rxb5 46.Rd4 Kf6 47.Rf4+ Ke6 48.g3 Rb2+ 49.Kh3 f6 50.Ra4 Re2 51.Rb4 Ke5
52.Rb5+ Ke4 53.Rb3 Rf2 54.Rb4+ Ke3 55.Rb3+ Kd4 56.Rb4+ Kd5 57.Rb5+ Ke6 58.Rb6+ Kf7
59.Rb7+ Kg8 60.Rb8+ Kf7 61.Rb7+ Ke6 62.Rb6+ Kf5 63.Rb5+ Ke4 64.Rb8 Kd3 65.Rb3+ Kc4
66.Rb8 g5 67.hxg5 fxg5 68.Rh8 h4 69.gxh4 gxh4  1/2-1/2

[Event "WYCC U16 Girls 2013"]
[Site "Al-Ain UAE"]
[Date "2013.12.28"]
[Round "11.50"]
[White "Liscinska,Jana"]
[Black "Bashaer,Khalil"]
[Result "0-1"]
[WhiteElo "1643"]
[BlackElo "1630"]

1.e4 c5 2.Nf3 e6 3.Nc3 Nc6 4.d4 cxd4 5.Nxd4 Nf6 6.Bg5 Be7 7.h4 Qb6 8.Ndb5 O-O
9.Be3 Qa5 10.Bd3 a6 11.Nd4 Bb4 12.Ne2 d5 13.exd5 Nxd5 14.Bd2 Nxc3 15.Nxc3 Qe5+
16.Qe2 Qxe2+ 17.Bxe2 Nd4 18.Bd3 b5 19.a3 Bc5 20.Ne4 Bb6 21.O-O-O Bb7 22.Rhg1 Nf5
23.h5 h6 24.g4 Nd4 25.Nc3 Nf3 26.Rg3 Bxf2 27.Rxf3 Bxf3 28.Rf1 Bxg4 29.Rxf2 Bxh5
30.Rg2 Kh8 31.Be4 Rad8 32.Bb7 Rd6 33.Ne4 Rb6 34.Nc5 Rxb7 35.Nxb7 Bf3 36.Rf2 Bxb7
37.Bb4 Rd8 38.Rxf7 Bc8 39.Bc3 Rg8 40.Kd2 Kh7 41.Ke3 Kg6 42.Re7 h5 43.Be5 Kh6
44.Kf4 g5+ 45.Kg3 Kg6 46.Bd4 h4+ 47.Kg4 e5+ 48.Kf3 exd4 49.Re1 Kh5 50.Re5 Rf8+
51.Kg2 Bb7+ 52.Kg1 Kg4 53.Re7 Ba8 54.Re6 Kg3 55.Rg6 g4 56.Re6 Rh8 57.c3 h3
58.Re2 h2+ 59.Rxh2 Rxh2 60.Kf1 Rxb2  0-1

[Event "WYCC U18 Open 2013"]
[Site "Al-Ain UAE"]
[Date "2013.12.28"]
[Round "11.18"]
[White "Kriebel,T"]
[Black "Prince,Ba"]
[Result "1/2-1/2"]
[WhiteElo "2363"]
[BlackElo "2227"]

1.e4 c5 2.Nf3 e6 3.d4 cxd4 4.Nxd4 Nc6 5.Nc3 Nf6 6.Ndb5 Bb4 7.a3 Bxc3+ 8.Nxc3 d5
9.exd5 Nxd5 10.Bd2 O-O 11.Bd3 e5 12.O-O Be6 13.Ne4 h6 14.b4 b6 15.b5 Nce7
16.c4 Nf4 17.Bxf4 exf4 18.Rc1 Qd4 19.Bb1 Rfd8 20.Qxd4 Rxd4 21.c5 f5 22.Nc3 bxc5
23.Ne2 Rc4 24.Ba2 Re4 25.Bxe6+ Rxe6 26.Nxf4 Re4 27.g3 Rc8 28.Rfd1 g5 29.Nd3 Rd4
30.Ne5 Rxd1+ 31.Rxd1 c4 32.Rd4 c3 33.Nd3 c2 34.Nc1 Rc3 35.Rd7 Kf7 36.Rxa7 Rc5
37.Kg2 Rxb5 38.Rc7 Ra5 39.Nb3 Rxa3 40.Nd4  1/2-1/2

[Event "WYCC U18 Girls 2013"]
[Site "Al-Ain UAE"]
[Date "2013.12.28"]
[Round "11.28"]
[White "Alymbay,Kyzy Aizhan"]
[Black "Kuckling,H"]
[Result "1/2-1/2"]
[WhiteElo "1814"]
[BlackElo "1993"]

1.e4 c5 2.Nf3 e6 3.d4 cxd4 4.Nxd4 Nc6 5.Nc3 Qc7 6.Be3 a6 7.Be2 b5 8.a3 Bb7
9.O-O Nf6 10.f4 d5 11.e5 Ne4 12.Nxe4 dxe4 13.Nxc6 Qxc6 14.Rc1 Bc5 15.Bxc5 Qxc5+
16.Kh1 O-O 17.c4 Rfd8 18.cxb5 Qe3 19.Rc3 Qb6 20.Qb3 Bd5 21.Qb4 Rab8 22.a4 axb5
23.Bxb5  1/2-1/2

[Event "51st Groningen Open A 2013"]
[Site "Groningen NED"]
[Date "2013.12.28"]
[Round "7.21"]
[White "Olsarova,T"]
[Black "Simonian,T"]
[Result "1/2-1/2"]
[WhiteElo "2260"]
[BlackElo "2401"]

1.e4 c5 2.Nf3 e6 3.d4 cxd4 4.Nxd4 Nc6 5.Nc3 Qc7 6.Be2 a6 7.O-O Nf6 8.Be3 Be7
9.f4 d6 10.Kh1 O-O 11.Qe1 Nxd4 12.Bxd4 b5 13.e5 dxe5 14.Bxe5 Qb6 15.Qg3 Bb7
16.Bd3 Nh5 17.Qh3 g6 18.Ne4 Bd5 19.Ng5 f5 20.Be2 Bxg5 21.fxg5 Ng7 22.Bf3 Rfd8
23.Rae1 Rac8 24.Bf6 Rd7 25.Bxd5 Rxd5 26.c3 Nh5 27.Bd4 Qd6 28.Qe3 Re8 29.Be5 Qd7
30.Qb6 Rd2 31.c4 bxc4 32.Bc3 Rd3 33.Qxa6 Qd5 34.Re5 Rd1 35.Rxd1 Qxd1+ 36.Re1 Qd5
37.Qa7 Qd8 38.Qa4 Kf7 39.Qa7+ Kg8 40.Qa4 Kf7 41.Qxc4 Qxg5 42.Be5 Qd2 43.Qc1 Qf2
44.Rd1 Re7 45.Bd6 Re8 46.Qc7+ Kg8 47.Be5 Qe2 48.Rc1 Qe3 49.h3 f4 50.Rc3 Ng3+
51.Kh2 Nf1+ 52.Kh1 Ng3+ 53.Kh2  1/2-1/2

[Event "51st Groningen Open A 2013"]
[Site "Groningen NED"]
[Date "2013.12.28"]
[Round "7.43"]
[White "Sparenberg,E"]
[Black "Gerlagh,Joris"]
[Result "0-1"]
[WhiteElo "2112"]
[BlackElo "2032"]

1.e4 c5 2.Nf3 e6 3.d4 cxd4 4.Nxd4 Nc6 5.Nc3 Qc7 6.Be3 a6 7.Be2 Nf6 8.O-O Be7
9.f4 d6 10.a4 O-O 11.Qd2 Rd8 12.f5 Nxd4 13.Bxd4 d5 14.fxe6 Bxe6 15.e5 Nd7
16.Qe3 Bc5 17.Bxc5 Qxc5 18.Qxc5 Nxc5 19.Bf3 d4 20.Ne4 Nxe4 21.Bxe4 Bd5 22.Bd3 Re8
23.Rae1 Bc6 24.b3 Re7 25.Rf4 Rd8 26.Kf2 g6 27.h4 Kg7 28.Bc4 b5 29.axb5 Bxb5
30.Bxb5 axb5 31.Rd1 Rc7 32.Rd2 Rc3 33.Rf3 Rc5 34.Rfd3 f6 35.exf6+ Kxf6 36.Rxd4 Rxd4
37.Rxd4 Rxc2+ 38.Kg1 Ke5 39.Rb4 Rc5 40.Kf2 Kd5 41.Ke3 Kc6 42.Kd3 Rf5 43.Re4 Rf2
44.Re7 Rxg2 45.Rxh7 Kc5 46.Kc3 Rg3+ 47.Kc2 Kb4 48.h5 Rg2+ 49.Kc1 Kxb3 50.hxg6 Rg1+
51.Kd2 Rxg6 52.Rh5 b4 53.Rh4 Rc6 54.Rg4 Ka3 55.Rh4 b3 56.Rh8 Kb2 57.Rd8 Kb1
58.Rd7 b2 59.Rd8 Rb6 60.Rd7 Ka2 61.Kc3 Rc6+  0-1

[Event "PanAm Intercollegiate 2013"]
[Site "Lubbock USA"]
[Date "2013.12.28"]
[Round "2.2"]
[White "Diamant,A"]
[Black "Zherebukh,Y"]
[Result "0-1"]
[WhiteElo "2468"]
[BlackElo "2614"]

1.e4 c5 2.Nf3 e6 3.d4 cxd4 4.Nxd4 Nc6 5.Nc3 a6 6.g3 Qc7 7.Bg2 Nf6 8.O-O Bc5
9.Be3 Ne5 10.a4 d6 11.h3 O-O 12.Qe2 Bb6 13.Nf3 Nxf3+ 14.Qxf3 Ba5 15.Rad1 Nd7
16.Bd4 Ne5 17.Qh5 f6 18.Kh1 Bd7 19.f4 Nc4 20.Rd3 Nxb2 21.Nd5 exd5 22.Qxd5+ Kh8
23.Bxb2 Qxc2 24.Rfd1 Bb4 25.Qxb7 Qxa4 26.e5 Rab8 27.exf6 Rxb7 28.fxg7+ Kg8
29.gxf8=Q+ Kxf8 30.Bxb7 Qc2 31.Bf6 Bb5 32.Rd4 Be2 33.Be4 Qc8 34.Bg2 Bxd1
35.Rxb4 Bf3 36.Rb6  0-1

[Event "12th Nantes Open"]
[Site "Nantes FRA"]
[Date "2013.12.28"]
[Round "2.12"]
[White "Lambert,Thomas"]
[Black "Marchadour,E"]
[Result "0-1"]
[WhiteElo "1686"]
[BlackElo "2043"]

1.e4 c5 2.Nf3 e6 3.d4 cxd4 4.Nxd4 Nc6 5.Nc3 Qc7 6.a3 a6 7.Be2 Nf6 8.O-O Nxd4
9.Qxd4 Bc5 10.Qd3 O-O 11.Bg5 Be7 12.Kh1 Ng4 13.Bxg4 Bxg5 14.Rab1 b5 15.g3 Bb7
16.f4 Be7 17.Rfe1 Rac8 18.Ne2 Bf6 19.c3 Qc4 20.Qxd7 Bxe4+ 21.Kg1 Qc5+  0-1

[Event "VII Stadium Casablanca Open 2013"]
[Site "Zaragoza ESP"]
[Date "2013.12.28"]
[Round "4.6"]
[White "Forcen Esteban,D"]
[Black "Ramiro Ovejero,J"]
[Result "1-0"]
[WhiteElo "2511"]
[BlackElo "2397"]

1.e4 c5 2.Nf3 Nc6 3.Nc3 e6 4.d4 cxd4 5.Nxd4 Qc7 6.g3 a6 7.Bg2 h5 8.Bg5 Bc5
9.Nf3 Nge7 10.Qd2 Na5 11.Na4 Ba7 12.Bf4 Qd8 13.Qc3 Nac6 14.Qxg7 Rg8 15.Qh7 Qa5+
16.Nc3 Qb6 17.O-O-O  1-0

[Event "10th Vandoeuvre Open"]
[Site "Vandoeuvre les Nancy FRA"]
[Date "2013.12.29"]
[Round "7.1"]
[White "Dourerassou,J"]
[Black "Horvath,Ad1"]
[Result "0-1"]
[WhiteElo "2485"]
[BlackElo "2531"]

1.e4 c5 2.Nf3 e6 3.d4 cxd4 4.Nxd4 Nc6 5.Nc3 Qc7 6.Be3 a6 7.Bd3 Nf6 8.O-O Nxd4
9.Bxd4 Bc5 10.Bxc5 Qxc5 11.Kh1 d6 12.f4 e5 13.Nd5 Nxd5 14.exd5 Qxd5 15.Re1 Be6
16.Qh5 e4 17.Qxd5 Bxd5 18.Bxe4 Bxe4 19.Rxe4+ Kd7 20.Rd1 Rac8 21.c3 Rhe8 22.Red4 Rc6
23.Kg1 Re2 24.R4d2 Rxd2 25.Rxd2 Rc4 26.g3 Re4 27.Kf2 f5 28.Rd4 Rxd4 29.cxd4 Kc6
30.Ke3 Kb5 31.Kd3 Kb4 32.d5 Kc5 33.Kc3 Kxd5 34.Kd3 a5 35.b3 Kc5 36.Kc3 Kd5
37.Kd3 a4 38.bxa4 b6 39.Kc3 Kc5 40.a3 d5 41.h3 h5 42.Kd3 d4  0-1

[Event "51st Groningen Open A 2013"]
[Site "Groningen NED"]
[Date "2013.12.30"]
[Round "9.19"]
[White "Van Foreest,Jorden"]
[Black "Estremera Panos,S"]
[Result "1-0"]
[WhiteElo "2326"]
[BlackElo "2365"]

1.e4 c5 2.Nf3 e6 3.d4 cxd4 4.Nxd4 Nc6 5.Nc3 Qc7 6.Be3 a6 7.Qd2 Nf6 8.f3 Bb4
9.O-O-O Ne7 10.Nde2 b5 11.g4 h6 12.Kb1 Ba5 13.a3 Rb8 14.h4 Ng6 15.Nd4 Ne5
16.Be2 Nc4 17.Bxc4 bxc4 18.Ka1 Qb7 19.Rb1 d6 20.Nde2 Bc7 21.Bf4 e5 22.Be3 Be6
23.Rhd1 Nd7 24.Ng3 Qc6 25.Nf5 Bxf5 26.gxf5 Nf6 27.Bf2 Ke7 28.h5 Ba5 29.Bh4 Rb5
30.Qg2 Bxc3 31.Qxg7 Qc5 32.Bxf6+ Kd7 33.Qxf7+ Kc8 34.Ka2  1-0

[Event "23rd North American Open 2013"]
[Site "Las Vegas USA"]
[Date "2013.12.30"]
[Round "9.4"]
[White "Shankland,S"]
[Black "Wang Chen"]
[Result "1/2-1/2"]
[WhiteElo "2602"]
[BlackElo "2503"]

1.e4 c5 2.Nf3 e6 3.d4 cxd4 4.Nxd4 Nc6 5.Nc3 Qc7 6.Be3 a6 7.Qf3 Nf6 8.O-O-O d6
9.Be2 h5 10.h3 Ne5 11.Qg3 h4 12.Qh2 b5 13.f4 Nc4 14.Bxc4 Qxc4 15.Nb3 Qc7
16.e5 b4 17.exf6 bxc3 18.Bd4 cxb2+ 19.Bxb2 g6 20.Ba3 Bb7 21.Rhe1 Rc8 22.Nd4 Rh5
23.g4 hxg3 24.Qxg3 Rd5 25.Kb1 Bc6 26.c4 Qb6+ 27.Qb3 Qxb3+ 28.axb3 Rh5 29.Re3 Bg2
30.Rdd3 Rh4 31.f5 Bh6 32.Rg3 Be4 33.fxg6 fxg6 34.Bxd6 Kf7 35.Kc2 Bxd3+ 36.Rxd3 Re4
37.Kc3 Bf4 38.Bxf4 Rxf4 39.Re3 Re8 40.Nc6 Kxf6 41.Nb4 Ra8 42.Nd3 Rf5 43.b4 Rc8
44.Kb3 g5 45.Nc5 Rc6 46.Nd7+ Ke7 47.Ne5 Rc7 48.Ka4 Kd6 49.c5+ Kd5 50.Ng4 Rc6
51.Rd3+ Ke4 52.Rc3 Rf4 53.Kb3 Kf5 54.Ne3+ Kf6 55.Ng4+ Kf5 56.Ne3+ Kg6 57.Nc4 Re4
58.Nd6 Re1 59.Kc4 Rc7 60.Ra3 Rc1+ 61.Kd4 Rh7 62.Ne4 Rh4 63.Rg3 Kf5 64.Rxg5+ Kf4
65.Rg2 e5+ 66.Kd5 Rd1+ 67.Rd2 Rxd2+ 68.Nxd2 Rxh3 69.Nc4 Rd3+ 70.Ke6 Rd4 71.Nxe5 Re4
72.c6 Rxe5+ 73.Kd6 Rh5 74.c7 Rh8 75.Kd7  1/2-1/2

[Event "15th Czech Christmas"]
[Site "Litomysl CZE"]
[Date "2013.12.30"]
[Round "6.8"]
[White "Seidl,S"]
[Black "Mishuchkov,N"]
[Result "1/2-1/2"]
[WhiteElo "2178"]
[BlackElo "2353"]

1.e4 c5 2.Nf3 e6 3.d4 cxd4 4.Nxd4 Nc6 5.Nc3 Qc7 6.Be2 Nf6 7.O-O Be7 8.Be3 O-O
9.f4 d6 10.Qe1 Nxd4 11.Bxd4 e5 12.Be3 exf4 13.Bxf4 Be6 14.Rd1 Qc5+ 15.Kh1 d5
16.b4 Qxb4 17.exd5 Bf5 18.Rb1 Qd4 19.d6 Bd8 20.Rb5 Be4 21.Qg3 Re8 22.Be5 Qd2
23.d7 Re6 24.Rd1 Qxc2 25.Nxe4 Qxe2 26.Nc3 Qc2 27.Rc5 Rc6 28.Rxc6 bxc6 29.h3 Qf5
30.Bxf6 Bxf6 31.Qe3 Qe6 32.Ne4 Rd8 33.Nxf6+ gxf6 34.Qxa7 Qe2 35.Qa4 Rxd7
36.Rxd7 Qe1+ 37.Kh2 Qe5+ 38.Kh1 Qe1+ 39.Kh2 Qe5+ 40.Kh1 Qe1+ 41.Kh2 Qe5+
42.Kh1 Qe1+ 43.Kh2  1/2-1/2

[Event "PanAm Intercollegiate 2013"]
[Site "Lubbock USA"]
[Date "2013.12.30"]
[Round "6.2"]
[White "Corrales Jimenez,F"]
[Black "Zherebukh,Y"]
[Result "1/2-1/2"]
[WhiteElo "2629"]
[BlackElo "2614"]

1.e4 c5 2.Nf3 e6 3.d4 cxd4 4.Nxd4 Nc6 5.Nc3 a6 6.Be3 Nf6 7.Qd2 Bb4 8.f3 d5
9.a3 Ba5 10.Nb3 Bxc3 11.Qxc3 e5 12.exd5 Nxd5 13.Qd2 Nxe3 14.Qxe3 Bf5 15.Bd3 Bxd3
16.O-O-O O-O 17.Rxd3  1/2-1/2

[Event "PanAm Intercollegiate 2013"]
[Site "Lubbock USA"]
[Date "2013.12.30"]
[Round "6.1"]
[White "Nemcova,Kat"]
[Black "Robson,R"]
[Result "0-1"]
[WhiteElo "2272"]
[BlackElo "2613"]

1.e4 c5 2.Nf3 e6 3.d4 cxd4 4.Nxd4 Nc6 5.Nc3 d6 6.Be2 Nf6 7.O-O Be7 8.f4 O-O
9.Kh1 Bd7 10.Be3 a6 11.a4 Rc8 12.Nb3 Na5 13.e5 Ne8 14.Nxa5 Qxa5 15.Qd2 Bc6
16.Bd4 dxe5 17.fxe5 Nc7 18.Bd3 Nd5 19.Rf3 f5 20.exf6 Nxf6 21.Bc4 Kh8 22.Bxe6 Rcd8
23.Rd3 Nh5 24.Re1 Nf4 25.Bd5 Nxd5 26.Nxd5 Qxd2 27.Rxd2 Rxd5 28.c4 Rd6  0-1

[Event "12th Nantes Open"]
[Site "Nantes FRA"]
[Date "2013.12.30"]
[Round "7.6"]
[White "Kurayan,R"]
[Black "Primel,D"]
[Result "1-0"]
[WhiteElo "2393"]
[BlackElo "2013"]

1.e4 c5 2.Nf3 e6 3.d4 cxd4 4.Nxd4 Nc6 5.Nc3 Qc7 6.Be3 a6 7.Qd2 Nf6 8.O-O-O b5
9.f3 Be7 10.g4 Bb7 11.g5 Nh5 12.Kb1 Nxd4 13.Bxd4 O-O 14.Rg1 Rac8 15.Bh3 Nf4
16.Bg4 b4 17.Ne2 Nxe2 18.Qxe2 a5 19.h4 a4 20.h5 Qa5 21.Qd2 Rc4 22.g6 fxg6
23.hxg6 hxg6 24.Rh1 Rfc8 25.Rh8+ Kf7 26.Qf4+ Bf6 27.Bxf6  1-0

[Event "Rilton Cup 2013-14"]
[Site "Stockholm SWE"]
[Date "2013.12.30"]
[Round "4.8"]
[White "Eggleston,D"]
[Black "Cramling,P"]
[Result "1/2-1/2"]
[WhiteElo "2434"]
[BlackElo "2525"]

1.e4 c5 2.Nf3 e6 3.d4 cxd4 4.Nxd4 Nc6 5.Nc3 Qc7 6.Be3 a6 7.Bd3 b5 8.Nxc6 Qxc6
9.O-O Bb7 10.f3 Nf6 11.Kh1 Qc7 12.Qd2 Be7 13.a4 b4 14.Ne2 d5 15.e5 Nd7 16.f4 g6
17.Bd4 Nc5 18.a5 Rc8 19.Qe3 O-O 20.Ng3 Ne4 21.Bxe4 dxe4 22.f5 Rfe8 23.f6 Bf8
24.c3 bxc3 25.bxc3 Bd5 26.Rfb1 Qc4 27.Nxe4 Red8 28.h4 Ba8 29.Rb6 Qd5 30.Re1 Qxa5
31.h5 Bxe4 32.Qxe4 Rc4 33.hxg6 hxg6 34.Rb7 Qa4 35.Reb1 Rcxd4 36.cxd4 Rxd4
37.Qe3 Re4 38.Qf2 Rf4 39.Qe3 Re4 40.Qa7 Rxe5 41.Rb8 Qh4+ 42.Kg1 Re1+ 43.Rxe1 Qxe1+
44.Kh2 Qh4+ 45.Kg1 Qe1+ 46.Kh2 Qh4+  1/2-1/2

[Event "10th Vandoeuvre Open"]
[Site "Vandoeuvre les Nancy FRA"]
[Date "2013.12.30"]
[Round "9.4"]
[White "Fries,Frederik"]
[Black "Admiraal,M"]
[Result "1-0"]
[WhiteElo "2178"]
[BlackElo "2315"]

1.e4 c5 2.Nf3 e6 3.d4 cxd4 4.Nxd4 Nc6 5.Nc3 Qc7 6.Be2 a6 7.O-O Nf6 8.Be3 Be7
9.f4 d6 10.Kh1 O-O 11.Qe1 Nxd4 12.Bxd4 b5 13.Qg3 Bb7 14.a3 Bc6 15.Rae1 Rad8
16.Bd3 Qb7 17.Re3 b4 18.axb4 Qxb4 19.Ne2 Qb7 20.c4 g6 21.Qh3 e5 22.fxe5 Nxe4
23.exd6 Bg5 24.Bxe4 Bxe4 25.Rb3 Qc6 26.c5 Rfe8 27.Nc3 Rb8 28.Rxb8 Rxb8 29.Qg4 Bd3
30.Rd1 Bc2 31.Qxg5 Bxd1 32.Qf6 Ra8 33.Qg7+  1-0

[Event "15th Czech Christmas"]
[Site "Litomysl CZE"]
[Date "2014.01.01"]
[Round "8.4"]
[White "Varga,Kl"]
[Black "Mishuchkov,N"]
[Result "1/2-1/2"]
[WhiteElo "2211"]
[BlackElo "2353"]

1.e4 c5 2.Nf3 e6 3.d4 cxd4 4.Nxd4 Nc6 5.Nc3 Qc7 6.Be2 Nf6 7.Be3 a6 8.O-O Na5
9.Qd3 b5 10.f4 Bb7 11.Bf3 Rc8 12.Rad1 Nc4 13.Bc1 b4 14.Nce2 d6 15.c3 bxc3
16.Nxc3 Be7 17.b3 Nb6 18.Bb2 O-O 19.f5 e5 20.Nc2 Na4 21.bxa4 Qb6+ 22.Ne3 Qxb2
23.Ncd5 Bxd5 24.Nxd5 Nxd5 25.Qxd5 Rc5 26.Qb3 Rb8 27.Qd3 Qb6 28.Kh1 Qc6 29.f6 Bxf6
30.Qxd6 Qxd6 31.Rxd6 a5 32.Be2 Rb2 33.Bb5 Rcc2 34.Rc6 h5 35.Rxc2 Rxc2 36.g3 Bg5
37.h4 Be3 38.Rf5 f6 39.Rf3 Rc3 40.Be8 Rc1+ 41.Kg2 Bd4 42.Bxh5 Rc2+ 43.Kh3 Rxa2
44.Be8 Kf8 45.Bb5 Ke7 46.g4 Ra1 47.g5 Re1 48.Bc6 Re3  1/2-1/2

[Event "Cracovia Open A 2013-14"]
[Site "Krakow POL"]
[Date "2014.01.02"]
[Round "7.7"]
[White "Yarmysty,M"]
[Black "Hnydiuk,A"]
[Result "1-0"]
[WhiteElo "2265"]
[BlackElo "2399"]

1.e4 c5 2.Nf3 e6 3.d4 cxd4 4.Nxd4 Nc6 5.Nc3 a6 6.Nxc6 bxc6 7.Bd3 d5 8.O-O Nf6
9.Re1 Be7 10.e5 Nd7 11.Qg4 Kf8 12.Na4 c5 13.c4 Qa5 14.Qd1 d4 15.b3 Bb7 16.Be4 Qc7
17.Bxb7 Qxb7 18.Nb2 h5 19.Bd2 g6 20.Nd3 h4 21.h3 Kg7 22.Rb1 a5 23.a3 Qc6
24.b4 axb4 25.axb4 Rhb8 26.b5 Qb7 27.Qg4 Nb6 28.Bg5 Rh8 29.Bf6+ Kg8 30.Bxh8 Kxh8
31.Ra1 Rxa1 32.Rxa1 Nxc4 33.Qf3 Qxf3 34.gxf3 Nb6 35.Ra6 c4 36.Rxb6 cxd3 37.Kf1  1-0

[Event "Bay Area International 2014"]
[Site "Santa Clara USA"]
[Date "2014.01.02"]
[Round "1.13"]
[White "Gurevich,Daniel"]
[Black "Wang Chen"]
[Result "1/2-1/2"]
[WhiteElo "2272"]
[BlackElo "2507"]

1.e4 c5 2.Nf3 e6 3.Nc3 Nc6 4.d4 cxd4 5.Nxd4 Qc7 6.g3 a6 7.Bg2 Nf6 8.O-O h5
9.Nf3 d6 10.Bf4 Be7 11.Qe2 Ne5 12.Nxe5 dxe5 13.Bg5 Bd7 14.Rfd1 Qb6 15.Rd3 Bc5
16.Rad1 O-O-O 17.Be3 Bxe3 18.Qxe3 Qxe3 19.Rxe3 h4 20.Red3 Kc7 21.Kf1 Rc8
22.g4 Bc6 23.Bf3 Nh7 24.Ke2 Ng5 25.Ke3 f6 26.Be2 Kb8 27.Rd6 Rhe8 28.f3 Nf7
29.R6d2 Ng5 30.Bc4 Kc7 31.a4 Nf7 32.b4 Re7 33.b5 Be8 34.Rd3 Kb6 35.a5+ Kxa5
36.Ra1+ Kb4 37.Rb1+ Ka5 38.Ra1+ Kb4 39.Rb1+ Ka5 40.Ra1+  1/2-1/2

[Event "Rilton Cup 2013-14"]
[Site "Stockholm SWE"]
[Date "2014.01.02"]
[Round "6.30"]
[White "Olofsson-Dolk,Mattis"]
[Black "Puzko,Danila"]
[Result "1-0"]
[WhiteElo "2070"]
[BlackElo "2129"]

1.e4 c5 2.Nf3 e6 3.d4 cxd4 4.Nxd4 Nc6 5.Nc3 Qc7 6.Be3 a6 7.Bd3 Nf6 8.O-O Bd6
9.f4 Nxd4 10.e5 Bxe5 11.fxe5 Qxe5 12.Qd2 Nc6 13.Rae1 Nb4 14.Ne4 Nbd5 15.Bc5 Nxe4
16.Bxe4 Nf6 17.b4 Nxe4 18.Rxe4 Qc7 19.Qd4 Rg8 20.Ref4 d5 21.Rxf7 Qxf7 22.Rxf7 Kxf7
23.Qf4+ Kg6 24.Qg4+ Kf6 25.h4 h6 26.h5 g5 27.Qf3+ Ke5 28.Qf7  1-0

[Event "Bay Area International 2014"]
[Site "Santa Clara USA"]
[Date "2014.01.03"]
[Round "2.4"]
[White "Esserman,M"]
[Black "Macieja,B"]
[Result "0-1"]
[WhiteElo "2447"]
[BlackElo "2583"]

1.e4 c5 2.Nf3 Nc6 3.d4 cxd4 4.Nxd4 e6 5.Nc3 Qc7 6.g3 a6 7.Bg2 Nf6 8.O-O Nxd4
9.Qxd4 Bc5 10.Bf4 d6 11.Qd2 h6 12.Rad1 e5 13.Be3 Be6 14.Bxc5 dxc5 15.Nd5 Bxd5
16.exd5 Qd6 17.f4 O-O 18.fxe5 Qxe5 19.c3 Qd6 20.Qf4 Rfd8 21.Qxd6 Rxd6 22.Rfe1 Kf8
23.c4 a5 24.Rd3 Rb6 25.b3 Re8 26.Red1 Ke7 27.d6+ Kd8 28.Bf3 Re6 29.d7 Re7
30.Bg2 g6 31.Bh3 h5 32.R1d2 Rc6 33.Kg2 Rc7 34.Kf1 Re5  0-1

[Event "26th Staufer-Open A 2014"]
[Site "Schwaebisch Gmuend GER"]
[Date "2014.01.03"]
[Round "3.13"]
[White "Zeller,F"]
[Black "Keller,Pe GER"]
[Result "1-0"]
[WhiteElo "2418"]
[BlackElo "2040"]

1.e4 c5 2.Nf3 e6 3.d4 cxd4 4.Nxd4 Nc6 5.Nc3 Qc7 6.Be2 a6 7.O-O Nf6 8.Be3 Bb4
9.Na4 Be7 10.c4 Nxe4 11.c5 O-O 12.Rc1 Rb8 13.g3 Nf6 14.Bf3 g6 15.Re1 e5 16.Nb3 Rd8
17.Qe2 Re8 18.Bg5 h6 19.Bxh6 d5 20.cxd6 Bxd6 21.Nac5 Nd4 22.Nxd4 exd4 23.Ne4  1-0

[Event "Basel Master Open 2014"]
[Site "Basel SUI"]
[Date "2014.01.04"]
[Round "5.1"]
[White "Popov,Iv RUS"]
[Black "Van Kampen,R"]
[Result "1/2-1/2"]
[WhiteElo "2650"]
[BlackElo "2602"]

1.e4 c5 2.Nf3 e6 3.d4 cxd4 4.Nxd4 Nc6 5.Nc3 Qc7 6.Be2 Nf6 7.O-O Be7 8.Be3 O-O
9.f4 d6 10.Kh1 Nxd4 11.Qxd4 b6 12.f5 Bb7 13.fxe6 fxe6 14.Rad1  1/2-1/2

[Event "25th Roquetas de Mar Open"]
[Site "Roquetas de Mar ESP"]
[Date "2014.01.04"]
[Round "4.1"]
[White "Ibarra Jerez,JC"]
[Black "Firat,B"]
[Result "1-0"]
[WhiteElo "2510"]
[BlackElo "2448"]

1.e4 c5 2.Nf3 e6 3.d4 cxd4 4.Nxd4 Nc6 5.Nc3 Qc7 6.Be3 a6 7.Qd2 Nf6 8.O-O-O Nxd4
9.Qxd4 Ng4 10.Bg5 Qc5 11.Qd2 Qxf2 12.Be2 Ne5 13.Be3 Qh4 14.Bg5 Qf2 15.Be3 Qh4
16.Bf4 Be7 17.Bg3 Qg5 18.Bf4 Qh4 19.Na4 d6 20.Nb6 Rb8 21.g3 Qf6 22.h4 h6
23.g4 Bf8 24.Qe3 Qe7 25.Qc3 Qd8 26.Bxe5 Qxb6 27.Bxg7 Bxg7 28.Qxg7 Qe3+ 29.Kb1 Rf8
30.Rxd6 Qxe2 31.Rhd1 Bd7 32.Rxd7 Rc8 33.R7d2 Qf3 34.Qd4 Ke7 35.Rf2 Qg3 36.Qd7+  1-0

[Event "Basel Master Open 2014"]
[Site "Basel SUI"]
[Date "2014.01.05"]
[Round "7.4"]
[White "Sengupta,D"]
[Black "Grachev,B"]
[Result "0-1"]
[WhiteElo "2538"]
[BlackElo "2668"]

1.e4 c5 2.Nf3 e6 3.d4 cxd4 4.Nxd4 Nc6 5.Nc3 a6 6.Be3 Nf6 7.Bd3 Qc7 8.O-O b5
9.Qe2 Bb7 10.f4 Nxd4 11.Bxd4 Bc5 12.Bxc5 Qxc5+ 13.Rf2 b4 14.Nd1 O-O 15.Kh1 d6
16.Rf3 e5 17.fxe5 Qxe5 18.Rf5 Qe6 19.Nf2 Rae8 20.Qd2 d5 21.e5 Ne4 22.Bxe4 dxe4
23.Qf4 Bc8 24.Rg5 h6 25.Rg3 Qxe5 26.Qxe5 Rxe5 27.a3 bxa3 28.Rgxa3 f5 29.c4 f4
30.Rc3 Bf5 31.Kg1 Rd8 32.c5 e3 33.Nh3 Bxh3 34.gxh3 f3 35.Rcc1 Rg5+ 36.Kf1 Rd2  0-1